| 000 | 00647nam a2200193 i 4500 | ||
|---|---|---|---|
| 001 | 141367 | ||
| 003 | ES-MaACL | ||
| 005 | 20230906200259.0 | ||
| 007 | t| | ||
| 008 | 070921s1968 sp ||||1| spa d | ||
| 080 | _a351.778.532(46)"19"(094.5) | ||
| 110 | 2 |
_aEspaña. _tLeyes, etc. _9184149 |
|
| 245 | 1 | 0 |
_aViviendas de protección oficial _b: disposiciones reguladoras, texto refundido, reglamento, disposiciones declaradas vigentes. |
| 260 |
_aMadrid : _bInstituto Nacional de la Vivienda, _c[1968] |
||
| 300 |
_a390 p. ; _c17 cm. |
||
| 852 |
_aES-MaACL _jC-36703 _bR.67406 |
||
| 852 |
_aES-MaACL _jC-36700 _bR.67405 |
||
| 999 |
_c141367 _d141367 |
||